Přímé zahraniční investice

Rast objemu zahraničných investícií ako odraz rastúceho prepojenia národných ekonomík. Priame zahraničné investície v období 1994-1996 vo vybraných krajinách. Prílev zahraničných priamych investícií v období 1986-1997 vo vybraných krajinách. Štruktúra priamych zahraničných investícií vo vybraných kr...

ver descrição completa

Na minha lista:
Detalhes bibliográficos
Formato: Capítulo de Livro
Idioma:tcheco
Assuntos:
Tags: Adicionar Tag
Sem tags, seja o primeiro a adicionar uma tag!

MARC

LEADER 00000naa a2200000 4500
001 r034005
005 20230920095741.4
041 0 |a cze 
044 |a CZ 
245 1 0 |a Přímé zahraniční investice 
520 |a Rast objemu zahraničných investícií ako odraz rastúceho prepojenia národných ekonomík. Priame zahraničné investície v období 1994-1996 vo vybraných krajinách. Prílev zahraničných priamych investícií v období 1986-1997 vo vybraných krajinách. Štruktúra priamych zahraničných investícií vo vybraných krajinách v roku 1997 podľa poskytovateľov. Štruktúra zahraničných investícií do Českej republiky. 
610 2 0 |a investície zahraničné 
610 2 0 |a SVE 
610 2 0 |a Česko 
610 2 0 |a Slovensko 
610 2 0 |a investori 
610 2 0 |a produkt domáci hrubý